000 00534nam a2200193Ia 4500
005 20250508152743.0
008 008 250505s9999 xx 000 0 eng d
037 _aTextual
040 _aFEDL
_beng
_cFEDL
041 _aeng
_2eng
084 _a301.973, RIE
_qFEDL
100 _aRiesman David
245 0 _aLonely crowd : A study of the changing
260 _aNew York, USA
_bDoubleday and Company
_c1953
300 _a359p.
650 _aSociology
942 _cTEXL
_h301.973, RIE
999 _c1338522
_d1338522